| 000 | 00564nam a2200157 4500 | ||
|---|---|---|---|
| 008 | 250508b |||||||| |||| 00| 0 eng d | ||
| 040 |
_aDE-2950 _cDE-2950 |
||
| 041 | _ager | ||
| 245 |
_aArte e Natura: _bLa Torre di Babele / _cFotografien von Maria A. Cecamore, David Fox, Michael Kramer |
||
| 260 |
_aImperia: _bGalleria Bajazzo, _c[1996] |
||
| 300 | _ao.Sz. | ||
| 500 | _aEnthält u.a.: Arbeiten von Harald Schulze (Letschin) und Jürgen Hartmann (Sieversdorf, Frankfurt (Oder) | ||
| 653 | _aKunstausstellung | ||
| 653 | _aAusstellungskatalog | ||
| 942 |
_2z _cB |
||
| 999 |
_c373760 _d373760 |
||